Countries FaroPor has been to by Flag Maps - Statistics

General Stats
  • This quiz has been taken 64 times
  • The average score is 9 of 9
Answer Stats
Picture Hint Answer % Correct
France
100%
Portugal
100%
Spain
100%
United Kingdom
100%
Russia
98%
Turkey
98%
Pakistan
96%
United Arab Emirates
92%
Bahrain
85%
No matching quizzes found
Score Distribution
Percent of People with Each Score
Percentile by Number Answered
Your Score History
You have not taken this quiz